TEXT BOOK OF MEDICAL PHYSIOLOGY (Record no. 8487)

MARC details
000 -LEADER
fixed length control field 00279nam a22001337a 4500
003 - CONTROL NUMBER IDENTIFIER
control field SGT
082 ## - DEWEY DECIMAL CLASSIFICATION NUMBER
Classification number 612
Item number T14K
100 ## - MAIN ENTRY--PERSONAL NAME
Personal name KAPOOR, RAJ
245 ## - TITLE STATEMENT
Title TEXT BOOK OF MEDICAL PHYSIOLOGY
260 ## - PUBLICATION, DISTRIBUTION, ETC. (IMPRINT)
Place of publication, distribution, etc DELHI
Name of publisher, distributor, etc TOP PUB
Year of Publication 2014
300 ## - PAGE DESCRIPTION
No. of Pages 402
650 ## - SUBJECT ADDED ENTRY--TOPICAL TERM
Topical term or geographic name as entry element PHYSIOLOGY
942 ## - ADDED ENTRY ELEMENTS (KOHA)
Source of classification or shelving scheme Dewey Decimal Classification
Koha item type Books
Holdings
Withdrawn status Lost status Source of classification or shelving scheme Damaged status Not for loan Collection code Home library Current library Shelving location Date acquired Vendor Name Cost, normal purchase price Volume Information (Serial or Books or Non-Book Material) SGTU Bill Number Total Checkouts Full call number Accession No. (Barcode) Date last seen Date last borrowed Bill Date Koha item type Use restrictions
    Dewey Decimal Classification     AYURVEDA SGT FA-FP Library SGT FA-FP Library Text Book 17/03/2016 AHUJA 550.00 1 SGTU 6404 2 612 T14K FA3716 20/04/2026 06/04/2026 22/12/2015 Books  
    Dewey Decimal Classification     AYURVEDA SGT FA-FP Library SGT FA-FP Library Text Book 17/03/2016 AHUJA 550.00 1 SGTU 6404 4 612 T14K FA3717 06/01/2026 17/12/2025 22/12/2015 Books  
    Dewey Decimal Classification     AYURVEDA SGT FA-FP Library SGT FA-FP Library Reference Book 17/03/2016 AHUJA 550.00 1 SGTU 6404   612 T14K FA3718 17/03/2016   22/12/2015 Books Restricted Access
    Dewey Decimal Classification     AYURVEDA SGT FA-FP Library SGT FA-FP Library Text Book 17/03/2016 AHUJA 550.00 1 SGTU 6404   612 T14K FA3719 17/03/2016   22/12/2015 Books